L'Organització territorial de Catalunya / Lluís Casassas, Joaquim Clusa ; amb la col·laboració de E. Domènech i F. Juncà
Descripción Física:
326 p. : map., taules ; 30 cm
Colección:
Temes bàsics ; 5
Otros Autores:
Clusa Oriach, Joaquim
MARC
| LEADER | 00000nam a2200000Ia 4500 | ||
|---|---|---|---|
| 001 | 18795 | ||
| 008 | 160829s1981 xx 000 0 cat d | ||
| 080 | |a M-5-400 | ||
| 100 | 1 | |a Casassas i Simó, Lluís, |d 1922-1992 |9 44253 | |
| 245 | |a L'Organització territorial de Catalunya / Lluís Casassas, Joaquim Clusa ; amb la col·laboració de E. Domènech i F. Juncà | ||
| 260 | |a Barcelona : |b Fundació Jaume Bofill, |c 1981 | ||
| 300 | |a 326 p. : |b map., taules ; |c 30 cm | ||
| 490 | |a Temes bàsics ; 5 | ||
| 650 | 0 | |a Ordenació del territori |z Catalunya |9 39338 | |
| 651 | 0 | |a Catalunya |x Divisions administratives i polítiques |9 54246 | |
| 700 | |a Clusa Oriach, Joaquim |9 46375 | ||
| 901 | |a Arxiu | ||
| 942 | |n 1 | ||
| 952 | |0 0 |1 0 |4 0 |6 M5400 |7 1 |9 53174 |a Arxiu |b Arxiu |d 2016-12-01 |l 0 |o M-5-400 |p 18795 |r 2016-12-01 00:00:00 |w 2016-12-01 |y ARXIU | ||
| 999 | |c 57023 |d 57023 | ||